Dans quels départements sont ces villes de Bretagne ? - Statistiques

Statistiques générales
  • Ce quiz a été pris 156 fois
  • Le résultat moyen est 14 sur 19
Statistiques - réponses
Hint Réponse % Correct
Rennes Îlle et Vilaine
98%
Brest Finistère
97%
Vannes Morbihan
93%
Lorient Morbihan
91%
Saint Brieuc Côtes d'Armor
89%
Quimper Finistère
88%
Fougères Îlle et VIlaine
87%
Vitré
Îlle et Vilaine
80%
Concarneau
Finistère
79%
Landerneau
Finistère
76%
Cesson Sévigné
Îlle et Vilaine
74%
Lannion
Côtes d'Armor
73%
Saint Malo Îlle et Vilaine
71%
Lamballe Armor
Côtes d'Armor
70%
Lanester Morbihan
55%
Hennebont
Morbihan
55%
Guipavas
Finistère
54%
Bruz
Îlle et Vilaine
54%
Ploemeur
Morbihan
53%
Aucun quiz correspondant
Distribution des résultats
% des personnes avec chaque résultat
Percentile par nombre de réponses
Votre historique - résultats
Vous n’avez pas pris ce quiz